000 00322nam a22001457a 4500
008 210312b ||||| |||| 00| 0 eng d
020 _a683077511008
041 _aeng
080 _23rd
_a617
082 _a617
100 _a6
101 _aANE
245 _aAnesthesia for Obstetrics
_cShnider, S. M
942 _2udc
_cBK
999 _c56556
_d56556